Normal view
MARC view
- Wada, Akiko
Entry Personal Name
001 - CONTROL NUMBER
- control field: 4738
003 - CONTROL NUMBER IDENTIFIER
- control field: NUST
005 - DATE AND TIME OF LATEST TRANSACTION
- control field: 20170921110914.0
008 - FIXED-LENGTH DATA ELEMENTS
- fixed length control field: 170921|| aca||aabn | a|a d
040 ## - CATALOGING SOURCE
- Original cataloging agency: NUST
- Transcribing agency: NUST
100 ## - HEADING--PERSONAL NAME
- Personal name: Wada, Akiko
670 ## - SOURCE DATA FOUND
- Source citation: Work cat.: (NUST)0: Wada, Akiko, Kalasha :, 2003.
